| 000 | 00561 a2200157 4500 | ||
|---|---|---|---|
| 999 |
_c10279 _d10279 |
||
| 020 | _a9780367266707 | ||
| 050 | _aKF4600FED2020 | ||
| 100 |
_aFessha,Yonatan.T _eEditors |
||
| 245 |
_aFederalism and the courts in Africa _bdesign and impact in comparative perspective / _cedited by Yonatan T. Fessha and Karl Kossler |
||
| 264 |
_aLondon _bRoutledge _c2020 |
||
| 300 | _a167p. | ||
| 500 | _aIncludes index | ||
| 650 | _aConstitutional law -- Cases. | ||
| 650 | _aDecentralization in government -- Law and legislation --Africa. | ||
| 942 |
_2lcc _cBK _h4600 _iFED _kKF |
||